SSC Napoli Current Squad (24/25) - Statistics

General Stats
  • This quiz has been taken 20 times
  • The average score is 19 of 26
Answer Stats
Answer % Correct
Romelu Lukaku
100%
Alex Meret
94%
Frank Anguissa
94%
Juan Jesus
94%
Matteo Politano
94%
Stanislav Lobotka
94%
Alessandro Buongiorno
88%
Billy Gilmour
88%
David Neres
88%
Mathías Olivera
88%
Scott McTominay
88%
Amir Rrahmani
81%
Giacomo Raspadori
81%
Giovanni Di Lorenzo
81%
Antonio Conte
69%
Giovanni Simeone
69%
Leonardo Spinazzola
63%
Rafa Marín
63%
Cyril Ngonge
56%
Nikita Contini
56%
Noa Okafor
56%
Philip Billing
56%
Simone Scuffet
56%
Pasquale Mazzocchi
50%
Luis Hasa
31%
Claudio Turi
25%
No matching quizzes found
Score Distribution
Percent of People with Each Score
Percentile by Number Answered
Your Score History
You have not taken this quiz